000
00294nam a22001337a 4500
008
170309b xxu||||| |||| 00| 0 eng d
020
_a
0135021871
041
_a
eng
080
_a
611
100
_a
6
101
_a
SHM
245
_a
INTRODUCTORY PLANT PHYSIOLOGY
_c
NOGGLE, G.R
942
_2
udc
_c
BK
999
_c
7323
_d
7323